Pokédex en images : Légendes Pokémon : Z-A - Statistiques

Statistiques générales
  • Ce quiz a été pris 41 fois
    34 depuis la dernière actualisation
  • Le résultat moyen est 180 sur 232
Statistiques - réponses
Par images Réponse % Correct
Gruikui
100%
Kaiminus
100%
Léviator
100%
Rosélia
100%
Roucarnage
100%
Stari
100%
Staross
100%
Aligatueur
97%
Aspicot
97%
Germignon
97%
Pichu
97%
Pikachu
97%
Raichu
97%
Roserade
97%
Roucool
97%
Abo
93%
Abra
93%
Aquali
93%
Boustiflor
93%
Cabriolaine
93%
Coconfort
93%
Démolosse
93%
Ectoplasma
93%
Évoli
93%
Flabébé
93%
Hélionceau
93%
Lainergie
93%
Magicarpe
93%
Mélo
93%
Mélofée
93%
Pharamp
93%
Pyroli
93%
Roitiflam
93%
Roucoups
93%
Sorbouboul
93%
Alakazam
90%
Braisillon
90%
Branette
90%
Flambusard
90%
Floette
90%
Gardevoir
90%
Givrali
90%
Laporeille
90%
Machoc
90%
Machopeur
90%
Méganium
90%
Mélodelfe
90%
Mentali
90%
Miradar
90%
Némélios
90%
Noctali
90%
Nymphali
90%
Phyllali
90%
Rozbouton
90%
Sorbébé
90%
Voltali
90%
Absol
87%
Carchacrok
87%
Charmina
87%
Chevroum
87%
Dardargnan
87%
Élecsprint
87%
Empiflor
87%
Excavarenne
87%
Fantominus
87%
Feuillajou
87%
Flamajou
87%
Gallame
87%
Kadabra
87%
Kirlia
87%
Lockpin
87%
Lucario
87%
Malosse
87%
Mascaïman
87%
Méditikka
87%
Miasmax
87%
Pandespiègle
87%
Polichombr
87%
Ratentif
87%
Sapereau
87%
Sorboul
87%
Spectrum
87%
Tarsal
87%
Altaria
83%
Arbok
83%
Brutapode
83%
Bulbizarre
83%
Camérupt
83%
Carabaffe
83%
Carapuce
83%
Chamallot
83%
Chétiflor
83%
Crocrodil
83%
Dedenne
83%
Dracaufeu
83%
Draco
83%
Dracolosse
83%
Dynavolt
83%
Exagide
83%
Flamoutan
83%
Florges
83%
Flotajou
83%
Flotoutan
83%
Griknot
83%
Grotichon
83%
Mackogneur
83%
Mimigal
83%
Minotaupe
83%
Pandarbare
83%
Passerouge
83%
Ramoloss
83%
Riolu
83%
Salamèche
83%
Tortank
83%
Tylton
83%
Wattouat
83%
Feuiloutan
80%
Florizarre
80%
Herbizarre
80%
Migalos
80%
Minidraco
80%
Nanméouïe
80%
Opermine
80%
Reptincel
80%
Rototaupe
80%
Scobolide
80%
Sucroquin
80%
Venipatte
80%
Carmache
77%
Fluvetin
77%
Hippopotas
77%
Lépidonille
77%
Macronium
77%
Miamiasme
77%
Mysdibule
77%
Prismillon
77%
Roigada
77%
Ténéfix
77%
Blizzaroi
73%
Crocorible
73%
Golgopathe
73%
Insécateur
73%
Limonde
73%
Monorpale
73%
Onix
73%
Psystigri
73%
Sepiatop
73%
Sepiatroce
73%
Anchwatt
70%
Brutalibré
70%
Cizayox
70%
Cocotine
70%
Couafarel
70%
Cupcanaille
70%
Drattak
70%
Escroco
70%
Flagadoss
70%
Grenousse
70%
Lampéroie
70%
Mistigrix
70%
Ohmassacre
70%
Oniglali
70%
Pérégrain
70%
Sharpedo
70%
Stalgamin
70%
Strassie
70%
Trousselin
70%
Amphinobi
67%
Blizzi
67%
Cadoizo
67%
Emolga
67%
Feunnec
67%
Momartik
67%
Mucuscule
67%
Ptéra
67%
Scarabrute
67%
Steelix
67%
Yveltal
67%
Zygarde
67%
Carvanha
63%
Diancie
63%
Dimoclès
63%
Flingouste
63%
Funécire
63%
Galeking
63%
Lugulabre
63%
Marisson
63%
Mewtwo
63%
Scarhino
63%
Tyranocif
63%
Xerneas
63%
Ymphect
63%
Airmure
60%
Baggaïd
60%
Baggiguane
60%
Blindépique
60%
Colimucus
60%
Croâporal
60%
Desséliande
60%
Draby
60%
Draïeul
60%
Embrylex
60%
Galegon
60%
Galekid
60%
Grelaçon
60%
Hippodocus
60%
Kangourex
60%
Kravarech
60%
Métalosse
60%
Muplodocus
60%
Sonistrelle
60%
Amagara
57%
Dragmara
57%
Galvaran
57%
Gamblast
57%
Iguolta
57%
Métang
57%
Terhal
57%
Boguérisse
53%
Bruyverne
53%
Drackhaus
53%
Ptyranidur
53%
Rexillius
53%
Séracrawl
53%
Brocélôme
50%
Goupelin
50%
Hexadron
50%
Mélancolux
50%
Pitrouille
50%
Roussil
50%
Banshitrouye
47%
Venalgue
47%
Aucun quiz correspondant
Distribution des résultats
% des personnes avec chaque résultat
Percentile par nombre de réponses
Votre historique - résultats
Vous n’avez pas pris ce quiz depuis la dernière actualisation